Region, Culture and Politics in India (Record no. 16326)

MARC details
000 -LEADER
fixed length control field 00561nam a2200217 a 4500
020 ## - INTERNATIONAL STANDARD BOOK NUMBER
ISBN 8173046646
082 00 - DEWEY DECIMAL CLASSIFICATION NUMBER
Classification number 307.720954
Author Cutter VOR
100 ## - MAIN ENTRY--AUTHOR NAME
Author name Vora, Rajendra
245 ## - TITLE STATEMENT
Title Region, Culture and Politics in India
260 ## - PUBLICATION, DISTRIBUTION, ETC. (IMPRINT)
Place of publication New Delhi
Name of publisher Manohar Pub.
Year of publication 2006
300 ## - PHYSICAL DESCRIPTION
Number of Pages 380p
500 ## - GENERAL NOTE
General note includes index and biblioraphy
650 ## - SUBJECT ADDED ENTRY--TOPICAL TERM
Topical Term India-Social Life and Customs
942 ## - ADDED ENTRY ELEMENTS (KOHA)
Koha item type Books
Holdings
Collection code Home library Current library Date acquired Cost, normal purchase price Full call number Accession Number Koha item type
  Henry Martyn Institute Library Henry Martyn Institute Library 04/27/2007 795.00 307.720954 VOR 022016 Books
                   Copyright © 2026 | Henry Martyn Institute | Hyderabad | TS-500052 | INDIA | Implemented by hmi.edu.in
Hit-Count:

Powered by Koha